000 00350nam a2200145 a 4500
005 20140412111328.0
008 110129s19uu xx 00 eng d
020 _a0-380-71215-6
050 _aER
_bDi32 1990
100 _aBirnBaum, Steve
245 _aDisneyland /
_cSteve Birnbaum.
260 _bAvon,
_c1990.
300 _a160p.
999 _c104793
_d104793